01245 2200361 4500001002100000005001500021035002000036007000300056008004100059020002200100040002200122082001600144084001600160090002000176090002200196100002900218245013400247300004400381650001400425700003300439700002700472850001200499041000800511504002500519520016300544264003600707336002100743337003000764338002300794999002200817990002200839990002200861INLIS00000000084923720190705102306 a0010-0719000238ta190705s2016 yoia g 0 ind d a978-602-401-339-4 aYOPDYOGbinderda042[23]a618.2 a618.2 MIR p aDEP 618.2 MIR p aCB-D.11 2016-28720 aMiratu MegasariePenulis01aPengantar asuhan kehamilan, persalinan, nifas dan bayi baru lahir /cPenulis, Miratu Megasari, Ika Putri Damayanti, Kiki Megasari aviii, 230 halaman :bIlustrasi ;c20 cm 4aKebidanan0 aIka Putri DamayantiePenulis0 aKiki MegasariePenulis aYOPDYOG aind aTermasuk bibliografi aKehamilan, kelahiran dan menopause merupakan kejadian normal dalam kehidupan, namun walaupun begitu potensi terjadinya patologi pada wanita dan bayi tetap ada 1aYogyakarta :bDeepublish,c2016 2rdacontentateks 2rdamediaatanpa perantara 2rdacarrieravolume aCB-D.11/2016-2872 aCB-D.11 2016-2872 aCB-D.11/2016-2872